| 000 | 01914nas a2200277Ia 4500 | ||
|---|---|---|---|
| 001 | R050-S1591 | ||
| 003 | IT-CnALBA | ||
| 008 | 170116c99999999xx |||||||||||| ||und|| | ||
| 040 |
_aIT-CnALBA _cIT-CnALBA |
||
| 041 | _aITALIANO | ||
| 100 | _aPIO XII, PAPA PACELLI EUGENIO. | ||
| 210 | _aLA CIVILTÀ CATTOLICA | ||
| 222 | _aLA CIVILTÀ CATTOLICA | ||
| 245 | 0 |
_aLA CIVILTÀ CATTOLICA. ANNO XC. VOL. III. 1939. _bRIVISTA CULTURALE |
|
| 250 | _a1a ed. | ||
| 260 |
_a ROMA _bLA CIVILTÀ CATTOLICA EDIZIONI _c1939 [1° Ed.:1939 - Ed.Ling.Originale: 1939] |
||
| 300 | _a580 p. | ||
| 310 | _aQUINDICINALE | ||
| 362 | _aFascicolo: 3 / Anno: 90 (1939) | ||
| 500 | _aCONIUGI E PROMOTORE DI GIUSTIZIA. NELLE CAUSE MATRIMONIALI. LA CIVILTÀ E LE MODERNE INVOLUZIONI. DOCUMENTI E RICORDI SULLA GRANDE GUERRA. COGNIZIONE RAZIONALE DI DIO NECESSARIA ALLA SALVEZZA. L'ATTO INDISCENSABILE DI FEDE. SCIENZE DEL DIRITTO E DIRITTO NATURALE. LA CURIA DEL SENATO ROMANO. IL SACERDOTE CATTOLICO MAESTRO DI VERITÀ. APOSTOLO DI SANTITÀ. POESIA DI A. ANILLE. LA SOTTOMISSIONE DELL'AZIONE FRANCESE. LA PACE ARMATA E LA TREGUA DI DIO. RASSEGNA PROBLEMI SOCIALI. MESSAGGIO DEL SANTO PADRE PER LA PACE. | ||
| 501 | _aSocietà San Paolo EM - Piazza San Paolo, 14 - 12051 ALBA (CN) (non commercial uses only) ® Copyright 2017 | ||
| 520 | _aCONIUGI E PROMOTORE DI GIUSTIZIA. NELLE CAUSE MATRIMONIALI. LA CIVILTÀ E LE MODERNE INVOLUZIONI. DOCUMENTI E RICORDI SULLA GRANDE GUERRA. COGNIZIONE RAZIONALE DI DIO NECESSARIA ALLA SALVEZZA. L'ATTO INDISCENSABILE DI FEDE. SCIENZE DEL DIRITTO E DIRITTO NATURALE. LA CURIA DEL SENATO ROMANO. IL SACERDOTE CATTOLICO MAESTRO DI VERITÀ. APOSTOLO DI SANTITÀ. POESIA DI A. ANILLE. LA SOTTOMISSIONE DELL'AZIONE FRANCESE. LA PACE ARMATA E LA TREGUA DI DIO. RASSEGNA PROBLEMI SOCIALI. MESSAGGIO DEL SANTO PADRE PER LA PACE. | ||
| 650 | _aRIVISTA CULTURALE | ||
| 942 | _cCR | ||
| 957 | _71 | ||
| 999 |
_a63490 _bSI _g1 _c330190 _d330190 |
||